|
|
|
|
| LEADER |
01728cas a2200241 a 4500 |
| 001 |
AALejournalIMF014191 |
| 008 |
230101c9999 xx r poo 0 0eng d |
| 020 |
|
|
|c 5.00 USD
|
| 020 |
|
|
|z 9781616359492
|
| 022 |
|
|
|a 1934-7685
|
| 040 |
|
|
|a BD-DhAAL
|c BD-DhAAL
|
| 110 |
2 |
|
|a International Monetary Fund.
|b Western Hemisphere Dept.
|
| 245 |
1 |
0 |
|a Canada :
|b Report on the Observance of Standards and Codes.
|
| 264 |
|
1 |
|a Washington, D.C. :
|b International Monetary Fund,
|c 2014.
|
| 300 |
|
|
|a 1 online resource (67 pages)
|
| 490 |
1 |
|
|a IMF Staff Country Reports
|
| 500 |
|
|
|a <strong>Off-Campus Access:</strong> No User ID or Password Required
|
| 500 |
|
|
|a <strong>On-Campus Access:</strong> No User ID or Password Required
|
| 506 |
|
|
|a Electronic access restricted to authorized BRAC University faculty, staff and students
|
| 520 |
3 |
|
|a This paper discusses key findings of the Report on the Observance of Standards and Codes for Canada. Canada has a very high level of compliance with the Basel Core Principles for Effective Banking Supervision. In response to the challenges and structure of its market, the Canadian banking supervisor (OSFI) has developed and is a strong proponent of risk-based, proportionate, supervisory practices and applies a 'close touch' approach to its supervised entities. The supervisory approach is well structured, forward looking and maintained on as dynamic a basis as possible. Entry to the Canadian market is subject to demanding prudential entry standards.
|
| 538 |
|
|
|a Mode of access: Internet
|
| 830 |
|
0 |
|a IMF Staff Country Reports; Country Report ;
|v No. 2014/030
|
| 856 |
4 |
0 |
|z Full text available on IMF
|u http://elibrary.imf.org/view/journals/002/2014/030/002.2014.issue-030-en.xml
|z IMF e-Library
|